000
00344 a2200157 4500
001
68347
020
_a
9788532908209
040
_c
Anchieta - Pituba
100
_a
Mota, Marcos
240
1
0
_a
A maldição das fadas
_l
por
245
1
0
_a
A maldição das fadas
300
_a
216
362
0
_a
2017
650
4
_a
Literatura juvenil
942
_c
BK
999
_c
68347
_d
68347